Grandes filósofos de occidente

Gespeichert in:
Bibliographische Detailangaben
1. Verfasser: Tomlin, E. W. F (VerfasserIn)
Format: Buch
Sprache:Spanisch
Veröffentlicht: Madrid Taurus 1965
Schriftenreihe:Ser y Tiempo, 37
Schlagworte:
Tags: Tag hinzufügen
Keine Tags, Fügen Sie den ersten Tag hinzu!

MARC

LEADER 00000nam a2200000 a 4500
001 UCZ9160
003 CL-VaPUC
008 960301e19650000SP |||||||||||||||||spa|d
082 0 4 |a 190  |b TOM  |2 21 
100 0 |a Tomlin, E. W. F  |e author  |9 354402 
245 1 0 |a Grandes filósofos de occidente 
300 |a 328 p 
942 |c BK 
945 |d 19960301 00:00:00  |a rleighto 
260 |a Madrid  |b Taurus  |c 1965 
600 0 |a Sócrates  |9 266368 
600 0 7 |a PLATON  |2 CL-VaPUC  |9 222 
600 0 |a Aristóteles,  |d 384 a.C.- 322 a.C.  |9 194 
600 0 |a Tomás de Aquino  |d 1220-1274  |c Santo  |9 255832 
600 0 |a Descartes, René  |e autor  |9 265906 
600 0 |a Nietzsche, Friedrich  |q (Friedrich Wilhelm)   |d 1844-1900  |9 858277 
650 0 |a Filosofía occidental  |9 346905 
650 0 |a Filósofos   |9 269126 
583 |a last modification  |c 19960301 00:00:00  |k Rodrigo Vera 
490 0 |a Ser y Tiempo, 37 
999 |c 244737  |d 244735 
952 |0 0  |1 0  |4 0  |6 190_000000000000000_TOM_1965  |7 0  |8 P  |9 258915  |a BIBEDU  |b BIBEDU  |c BIBEDU_PB  |d 2019-11-19  |i 3172775  |o 190 TOM 1965  |p 3172775  |r 2024-01-25  |w 2019-11-19  |y BK  |k FIL